Нормален изглед
MARC изглед
- Кацарова-Кукудова, Райна Димитрова
Вход 01. Лично име
001 - Контролен номер на записа
- Контролно поле: 388824
003 - Код на организацията, даваща контролен номер
- Контролно поле: BLK
005 - Дата и час на последна промяна на записа
- Контролно поле: 20230724154907.0
008 - Данни с фиксирана дължина – обща информация
- Данни с фиксирана дължина : 180422|| aca||aabn | a|a d
100 ## - ИМЕ НА ЛИЦЕ -ПЪРВИЧНА ИНТЕЛЕКТУАЛНА ОТГОВОРНОСТ
- Лично име: Кацарова-Кукудова, Райна Димитрова
- Дати, свързани с автора: 1901-1984
- Друга информация: Фолклорист, популяризатор на народната музика.
942 ## - Системна служебна употреба
- Koha auth type: PERSO_NAME